000 03589nam0a2200421 4500
001 RU\NLR\BIBL_A\022194294
005 20240704154912.0
010 _a978-5-907752-36-8
_9300
021 _aRU
_bКН-П-24-013442
_9КН-П-24-1402
035 _a(NLR Aleph) 022194294
090 _a13023312
_c13023312
100 _a20240411d2023 k y0rusy50 ca
101 0 _arus
_deng
102 _aRU
105 _aa z 110zy
181 0 _ai3
_baxxe
182 0 _an
200 1 _aМатематическое и компьютерное моделирование естественно-научных и социальных проблем
_dMathematical and computer modelling of natural science and social problems (МСМ-2023)
_eматериалы XVII всероссийской с международным участием научно-технической конференции молодых специалистов, аспирантов и студентов, Россия, г. Пенза, 1-4 июня 2023 г.
_fМинистерство науки и высшего образования Российской Федерации, Федеральное государственное бюджетное образовательное учреждение высшего образования "Пензенский государственный университет" (ПГУ), Средневолжское математическое общество
_gпод редакцией доктора физико-математических наук, профессора И. В. Бойкова
_zeng
203 _aТекст
_bвизуальный
_cнепосредственный
210 _aПенза
_cИзд-во ПГУ
_d2023
215 _a331, [1] с.
_cил., табл.
_d21
300 _aРез. на англ. яз.
300 _aНа обл.: Пензенский государственный университет, 80
320 _aБиблиогр. в конце ст.
510 1 _aMathematical and computer modelling of natural science and social problems (МСМ-2023)
_zeng
606 1 _aМатематическое моделирование
_xПрименение в естественных науках
_jСъезды, совещания и т.п
_2nlr_sh2
_3RU\NLR\AUTH\661335307
606 1 _aКомпьютерное моделирование
_xПрименение в естественных науках
_jСъезды, совещания и т.п
_2nlr_sh2
_3RU\NLR\AUTH\661475043
606 1 _aЭкономика
_xМатематическое моделирование
_jСъезды, совещания и т.п
_2nlr_sh2
_3RU\NLR\AUTH\661263085
686 1 _aБ.в641я431(2)
686 1 _aУ.в611я431
702 1 _aБойков
_bИ. В.
_gИлья Владимирович
_4340
711 1 2 _a"Математическое и компьютерное моделирование естественно-научных и социальных проблем", всероссийская с международным участием научно-техническая конференция молодых специалистов, аспирантов и студентов
_d17
_f2023
_eПенза
_3RU\NLR\AUTH\880608718
712 0 2 _aПензенский государственный университет
_3RU\NLR\AUTH\8810010946
_4475
942 _cBOOK
980 _aNB